LEADER 01859namaa2200409 i 4500 001 000000178708 003 CaOOAMICUS 005 20260515134327.0 007 tu 008 260515s2019 it 000 u ita r 020 $a978-88-10-40849-0* 040 $aPUL$bita$erda 082 00$a262.52 100 1 $aLieggi, Jean Paul,$d1967-,$eautore.$0(OLS)http://pul/name/69378 245 10$aOrientalium Ecclesiarum, Unitatis redintegratio /$ctesti di Jean-Paul Lieggi, Angelo Maffeis, Stefano Parenti. 264 4$c©2019.. 264 1$aBologna :$bEDB,$c[2019] 300 $a428 pagine ;$c21 cm 336 $atesto$btxt$2rdacontent 337 $asenza mediazione$bn$2rdamedia 338 $avolume$bnc$2rdacarrier 490 1 $aCommentario ai documenti del Vaticano II ;$v3 504 $aBibliografia in nota a pič pagina. 611 24$aConcilium Vaticanum$n(2 :$d1962-1965)$tOrientalium Ecclesiarum.$0(OLS)http://pul/subject/43428 611 24$aConcilium Vaticanum$n(2 :$d1962-1965)$tUnitatis redintegratio.$0(OLS)http://pul/subject/39314 700 1 $aMaffeis, Angelo,$d1960-,$eautore.$0(OLS)http://pul/name/26382 700 1 $aParenti, Stefano,$d1959-,$eautore.$0(OLS)http://pul/name/23285 830 0$aCommentario ai documenti del Vaticano II ;$v3.$0(OLS)http://pul/title/178136 850 $aPUL 852 $aPUL$W1$xSL Religione 3$y85$m262. 52 NOCSE 3$j202484$qDDC 21$B207902$CPULBib$Z2$F207902 $H138610 $82 941 1 $a9 996 $6020$a978-88-10-40849-0*$9(OLS)http://pul/number/170960 996 $6082$a262.52$9(OLS)http://pul/classification/356 996 $6245$aOrientalium Ecclesiarum, Unitatis redintegratio$9(OLS)http://pul/title/220286 996 $6264$aBologna :$bEDB$9(OLS)http://pul/publisher/56073 996 $6264$a[S.l.] :$b[s.n.]$9(OLS)http://pul/publisher/0